000 00616nam a2200181 i 4500
001 132990
003 ES-MaACL
005 20250206113227.0
007 t|
008 070214s1954 sp r ||||1| spa d
100 1 _aRoyo-Villanova Morales, Ricardo,
_d1899-1975
_9100240
245 1 3 _aLa enfermedad de Churchill
_b: divagaciones médico-políticas /
_cRicardo Royo-Villanova Morales.
260 _aMadrid :
_b[s. n.],
_c1954 (
_fEstades Artes Gráficas)
300 _a159 p. ;
_c20 cm.
600 1 4 _aChurchill, Winston,
_cSir,
_d1874-1965
_938708
852 _aES-MaACL
_jC-6473
_bR.35656
999 _c132990
_d132990